O korennom preobrazovanii investicionnoj sfery i sozdanii stroitel'nogo rynka.

Príčiny narastania krízových javov v investičnej sfére (nevybilancovanosť finančných, úverových a materiálno-technických zdrojov, technologického zariadenia s kapacitami subdodávateľských organizácií). Návrhy organizačných zmien v investičnej sfére. Predpoklady vytvorenia stavebného trhu a stimulova...

Ausführliche Beschreibung

Gespeichert in:
Bibliographische Detailangaben
1. Verfasser: Bušujev, B.S
Format: Buchkapitel
Sprache:Russisch
Schlagworte:
Tags: Tag hinzufügen
Keine Tags, Fügen Sie das erste Tag hinzu!

MARC

LEADER 00000naa a2200000 4500
001 r002142
005 20220819183458.7
041 0 |a rus 
044 |a [SU] 
245 1 0 |a O korennom preobrazovanii investicionnoj sfery i sozdanii stroitel'nogo rynka.  |c B.S. Bušujev 
520 |a Príčiny narastania krízových javov v investičnej sfére (nevybilancovanosť finančných, úverových a materiálno-technických zdrojov, technologického zariadenia s kapacitami subdodávateľských organizácií). Návrhy organizačných zmien v investičnej sfére. Predpoklady vytvorenia stavebného trhu a stimulovania trhových vzťahov v stavebníctve. 
610 2 0 |a stavebníctvo 
610 2 0 |a ZSSR 
610 2 0 |a výstavba investičná 
610 2 0 |a trh vnútorný 
100 1 |a Bušujev, B.S.